Statistics for Σημαίες χωρών που αρχίζουν με Α

Click here to take the quiz!

General Stats

  • This quiz has been taken 17 times
  • The average score is 16 of 20

Answer Stats

Answer% Correct
Αλβανία
100%
Αυστρία
100%
Αζερμπαϊτζάν
92%
Αργεντινή
92%
Αυστραλία
92%
Ανδόρα
85%
Αντίγκουα και Μπαρμπούντα
85%
Αρμενία
85%
Αίγυπτος
85%
Άγιος Μαρίνος
85%
Αλγερία
85%
Αϊτή
77%
Ανγκόλα
77%
Αφγανιστάν
77%
Ανατολικό Τιμόρ
69%
Αγία Λουκία
69%
Αιθιοπία
69%
Ακτή Ελεφαντοστού
62%
Άγιος Βικέντιος και Γρεναδίνες
62%
Άγιος Χριστόφορος και Νέβις
54%

Score Distribution

Percentile by Number Answered

Percent of People with Each Score

Your Score History

You have not taken this quiz